| 000 -LEADER |
| fixed length control field |
01016cam a2200253 a 4500 |
| 001 - CONTROL NUMBER |
| control field |
16731124 |
| 005 - DATE AND TIME OF LATEST TRANSACTION |
| control field |
20221107112410.0 |
| 008 - FIXED-LENGTH DATA ELEMENTS--GENERAL INFORMATION |
| fixed length control field |
110407s2016 paua b 001 0 eng |
| 020 ## - INTERNATIONAL STANDARD BOOK NUMBER |
| International Standard Book Number |
9781455775675 1 |
| 080 ## - UNIVERSAL DECIMAL CLASSIFICATION NUMBER |
| Universal Decimal Classification number |
616. 6 G-18 |
| 245 00 - TITLE STATEMENT |
| Title |
Campbell-Walsh urology : |
| Remainder of title |
Volume 1 / |
| Statement of responsibility, etc. |
editor-in-chief, Alan J. Wein ; [editors, Louis R. Kavoussi ... et al.]. |
| 250 ## - EDITION STATEMENT |
| Edition statement |
Eleventh edition |
| 264 ## - PRODUCTION, PUBLICATION, DISTRIBUTION, MANUFACTURE, AND COPYRIGHT NOTICE |
| Place of production, publication, distribution, manufacture |
Philadelphia, PA : |
| Name of producer, publisher, distributor, manufacturer |
Elsevier Saunders, |
| Date of production, publication, distribution, manufacture, or copyright notice |
2016. |
| 300 ## - PHYSICAL DESCRIPTION |
| Extent |
966 p. |
| Other physical details |
ill. |
| Dimensions |
30 cm. |
| 650 22 - SUBJECT ADDED ENTRY--TOPICAL TERM |
| Topical term or geographic name entry element |
Urology |
| General subdivision |
methods. |
| 9 (RLIN) |
9479 |
| 653 ## - INDEX TERM--UNCONTROLLED |
| keyword |
მედიცინა |
| 653 ## - INDEX TERM--UNCONTROLLED |
| keyword |
უროლოგია |
| 653 ## - INDEX TERM--UNCONTROLLED |
| keyword |
მამაკაცის უროგენიტალური დაავადებები |
| 700 1# - ADDED ENTRY--PERSONAL NAME |
| Personal name |
Wein, Alan J. |
| Relator term |
რედაქტორი |
| 9 (RLIN) |
9480 |
| 700 1# - ADDED ENTRY--PERSONAL NAME |
| Personal name |
Kavoussi, Louis R. |
| Relator term |
რედაქტორი |
| 9 (RLIN) |
9481 |
| 700 1# - ADDED ENTRY--PERSONAL NAME |
| Personal name |
Partin, Alan W. |
| Relator term |
რედაქტორი |
| 9 (RLIN) |
9482 |
| 700 1# - ADDED ENTRY--PERSONAL NAME |
| Personal name |
Peters, Craig A. |
| Relator term |
რედაქტორი |
| 9 (RLIN) |
9483 |
| 942 ## - ADDED ENTRY ELEMENTS (KOHA) |
| Source of classification or shelving scheme |
|
| Koha item type |
წიგნი |